000 00524nam a2200169Ia 4500
008 121010t1987 xxu||||| |||| 00| 0 sin d
041 _asin
080 _aX8S1
_bWIM
100 _aSusil Siriwardana Other
_eed.
245 _aවිමලරත්න කුමාරගමගේ එකතු කළ කවි
246 _aWimalarathna Kumaragamage Ekathukala Kavi
260 _bSusil Siriwardana
_aColombo 03
_c1987
300 _b436p., 20 cm
942 _cBK
999 _c76538
_d76538
003 LK-CoDNM
040 _aLK-CoDNM
_dLK-CoDNM
_eLK-CoDNM